000 00761nam a22002297a 4500
999 _c20489
_d20489
003 AR-CdUCM
008 190226b ||||| |||| 00| 0 esp d
020 _aISBN
040 _aMUNICIPALIDAD PROVINCIAL DEL CUSCO
_cBIBLIOTECA MUNICIPAL DEL CUSCO
082 _a525 /
_bL55
100 _aLey, Willy
_94795
245 _aLos polos /
260 _aMéxico :
_bOffset multicolor,
_c1966.
300 _a192 paginas ;
_c26 cm.
_eImágenes., gráficos,
440 _aColeccion de a naturaleza de life en español
_942831
505 _aContenido : El reino de los hielos -- Lenta conquista del norte -- El ultimo continente...
650 _aLa tierra
_929809
650 _aHielo
_942832
650 _aEnigmas polares
_942833
942 _2ddc
_cLIBROS
945 _arcc